Missing Word: European Cities in Movies Quiz Stats

 Plays Quiz Updated Apr 14, 2016

Challenge
Share
Tweet
Embed
Score 0/16 Timer 04:00
0 Plays Today
Movie City % Correct
An American in ______Paris
98.6%
An American Werewolf in ______London
95.7%
When in ______Rome
95.3%
The Merchant of ______Venice
92.7%
The Grand ______ HotelBudapest
87.9%
Vicky Cristina ______Barcelona
83%
______ on the HudsonMoscow
67%
Waltzes from ______Vienna
63.4%
Movie City % Correct
Funeral in ______Berlin
61.8%
In ______Bruges
49.4%
______, August 31stOslo
35.1%
Night Train to ______Munich
34.3%
Mysteries of ______Lisbon
33.7%
Sergeant ______York
31.8%
Miracle in ______Milan
26%
The ______ HorseTurin
8.6%

Today's Daily Dose

You're not logged in!

Compare scores with friends on all Sporcle quizzes.
Join for Free
OR
Log In

You Might Also Like...

Show Comments

Extras

Top Quizzes Today


Score Distribution

Your Account Isn't Verified!

In order to create a playlist on Sporcle, you need to verify the email address you used during registration. Go to your Sporcle Settings to finish the process.

Report this User

Report this user for behavior that violates our Community Guidelines.

Details: